000 01173pam a2200349 a 4500
001 4346433
003 OSt
005 20251201113952.0
008 890130s1990 cau b 000 0 eng
010 _a 89045183
020 _a0062520040 :
_c$15.95 (U.S.)
020 _a9780062520043
035 _a4346433
040 _aDLC
_cDLC
_dDLC
050 0 0 _aBT767.5
_b.H63 1990
082 0 0 _a234
_220
100 1 _aHobbs, Herschel H.
245 1 0 _aYou are chosen :
_bthe priesthood of all believers /
_cHerschel H. Hobbs.
250 _a1st ed.
260 _aSan Francisco :
_bHarper & Row,
_cc1990.
300 _a123 p. ;
_c22 cm.
336 _atext
_btxt
_2rdacontent
337 _aunmediated
_bn
_2rdamedia
338 _avolume
_bnc
_2rdacarrier
504 _aIncludes bibliographical references (p. [121]-123).
650 0 _aPriesthood, Universal.
650 0 _aChristian life
_xBaptist authors.
906 _a7
_bcbc
_corignew
_d1
_eocip
_f19
_gy-gencatlg
942 _2lcc
_cBK
999 _c20823
_d20822